000 00496nam a2200181Ia 4500
001 11110
005 20260306161922.0
008 260306t2022||||xx |||||||||||||| ||spa||
041 _aESP
082 _a985.009
_bC32
100 _aCastro de Trelles, Lucila
_eAUT
245 0 _aUn historiador enamorado:
_bcartas de amor de Jorge Guillermo Leguía y Emilia Romero (1933)
260 _c2022
300 _a430 páginas :
_c24 cm.
650 _aGEN
654 _aCHU
942 _cLIB
_dJUS
_fJUS
_2ddc
_n
999 _c11110
_d11110